Countries that border British Empire - Statistics

General Stats
  • This quiz has been taken 17 times
  • The average score is 3 of 17
Answer Stats
Answer % Correct
United States of America
77%
Ireland
62%
Indonesia
46%
Afghanistan
31%
Thailand
23%
Nepal
15%
Benin
8%
Bhutan
8%
Botswana
8%
Brunei
8%
Cameroon
8%
Chad
8%
Democratic Republic of the Congo
8%
Libya
8%
Namibia
8%
Niger
8%
Somalia
0%
No matching quizzes found
Score Distribution
Percent of People with Each Score
Percentile by Number Answered
Your Score History
You have not taken this quiz